|
|
|
|
| LEADER |
00658nam a22001697a 4500 |
| 008 |
091219t xxu||||| |||| 00| 0 eng d |
| 020 |
|
|
|a 9 773540 614716
|
| 082 |
|
|
|a 629.89
|b PAL
|
| 100 |
|
|
|a Palm, Rainer
|9 6238
|
| 245 |
|
|
|a Model based fuzzy control:
|b fuzzy gain schedulers and sliding mode fuzzy controllers /
|c Rainer Palm, Dimiter Driankov, Hans Hellendoorn.
|
| 260 |
|
|
|a New York:
|b Springer
|c 1997
|
| 300 |
|
|
|a xiii, 184p.;
|
| 700 |
|
|
|a Driankov, Dimiter
|9 6239
|
| 700 |
|
|
|a Hellendoorn, Hans
|9 6240
|
| 942 |
|
|
|2 ddc
|c BK
|6 _
|
| 999 |
|
|
|c 86216
|d 86216
|
| 952 |
|
|
|0 0
|1 0
|2 ddc
|4 0
|6 62989_PAL
|7 0
|9 108161
|a DCA
|b DCA
|d 2009-12-19
|o 629.89 PAL
|p CA001526
|r 2009-12-19
|w 2009-12-19
|y BK
|